| 000 | 00717nam a22002057a 4500 | ||
|---|---|---|---|
| 999 |
_c19945 _d19945 |
||
| 003 | AR-CdUCM | ||
| 008 | 190523b ||||| |||| 00| 0 spa d | ||
| 040 |
_aMUNICIPALIDAD PROVINCIAL DEL CUSCO _cBIBLIOTECA MUNICIPAL DEL CUSCO |
||
| 041 | _heng | ||
| 082 |
_a510.08 / _bK79 |
||
| 100 |
_aKraitchik, Mauricio / _941715 |
||
| 245 | _aMatemáticas recreativas / | ||
| 260 |
_aMadrid : _bTomas palumbo, _c1946. |
||
| 300 |
_a381 páginas ; _bIlustraciones a b/n _c23 cm. |
||
| 505 | _aContenido: Adición (tablas de), cuadros mágicos -- Ajedrez -- Álgebra del tablero de damas... | ||
| 650 |
_aJuegos matemáticos _941716 |
||
| 650 |
_aMatemática facil _941717 |
||
| 942 |
_2ddc _cLIBROS |
||
| 945 |
_aAndy _d2019-05-23 |
||